Acerte o lutador de MMA (Guess the MMA fighter) - Statistics

Estatísticas Gerais
  • Esse quiz foi jogado 138 vezes
  • A pontuação média é 7 de 15
Estatísticas das Respostas
Imagem Resposta % Correto
Charles Oliveira
89%
Derrick Lewis
68%
Cris Cyborg
67%
Islam Makhachev
64%
Rafael Dos Anjos
64%
Holly Holm
53%
Jiri Prochazka
52%
Marlon Vera
46%
Jared Cannonier
45%
Yair Rodríguez
36%
Joseph Benavidez
34%
Douglas Lima
31%
Gegard Mousasi
26%
Giga Chikadze
22%
Jennifer Maia
16%
Nenhum quiz correspondente encontrado
Distribuição das Pontuações
Porcentagem de Pessoas com Cada Pontuação
Percentil de Números Respondidos
Sua Pontuação Histórica
Você não jogou esse quiz